| 000 | 00770nam a22001577a 4500 | ||
|---|---|---|---|
| 003 | OSt | ||
| 005 | 20150928094745.0 | ||
| 008 | 150928b xxu||||| |||| 00| 0 eng d | ||
| 040 | _cRUA | ||
| 082 | _aAGR MAY 2012 B051 Or.1 | ||
| 100 |
_91473 _aMAY, SARAN. |
||
| 245 | _autilization of organic fertilizers on okra on the crops station of royal university of agriculture ( ការប្រើប្រាស់ជីសរីរាង្គទៅលើការលូតលាស់ដំណាំពោតបារាំង នៅស្ថានីយ៍ពិសោធន៍ដំណាំនៃសាកលវិទ្យាល័យភូមិន្ទកសិកម្ម) | ||
| 260 |
_aPhnom Penh _bRUA _c2012 |
||
| 300 |
_ax, 45p. _bill. _c29cm. |
||
| 942 |
_2ddc _cAGR |
||
| 999 |
_c1384 _d1384 |
||